Les sommets du G20 - Statistiques

Statistiques générales
  • Ce quiz a été pris 40 fois
  • Le résultat moyen est 26 sur 27
Statistiques - réponses
Année Ville Pays % Correct
1999 Berlin Allemagne
100%
2004 Berlin Allemagne
100%
2017 Hambourg Allemagne
100%
2018 Buenos Aires Argentine
100%
2000 Québec Canada
100%
2001 Ottawa Canada
100%
2010 Toronto Canada
100%
2005 Pékin Chine
100%
2016 Hangzhou Chine
100%
2010 Séoul Corée-du-Sud
100%
2008 Washington Etats-Unis
100%
2009 Pittsburgh Etats-Unis
100%
2002 New Delhi Inde
100%
2021 Rome Italie
100%
2009 Londres Royaume-Uni
100%
2006 Melbourne Australie
97%
2014 Brisbane Australie
97%
2008 Sao Paulo Brésil
97%
2011 Cannes France
97%
2013 Saint-Petersbourg Russie
97%
2007 Le Cap Afrique-du-Sud
94%
2019 Osaka Japon
94%
2020 Ryad Arabie Saoudite
89%
2022 Bali Indonésie
83%
2003 Morelia Mexique
77%
2012 Los Cabos Mexique
77%
2015 Antalya Turquie
77%
Aucun quiz correspondant
Distribution des résultats
% des personnes avec chaque résultat
Percentile par nombre de réponses
Votre historique - résultats
Vous n’avez pas pris ce quiz